Wacky comparisons : (Record no. 356265)
[ view plain ]
| 000 -LEADER | |
|---|---|
| fixed length control field | 00916nam a2200313Ia 4500 |
| 008 - FIXED-LENGTH DATA ELEMENTS--GENERAL INFORMATION | |
| fixed length control field | 180313s9999 xx 000 0 und d |
| 020 ## - INTERNATIONAL STANDARD BOOK NUMBER | |
| International Standard Book Number | 9789810949853 |
| 050 ## - LIBRARY OF CONGRESS CALL NUMBER | |
| Item number | ER W361 2014 |
| 100 ## - MAIN ENTRY--PERSONAL NAME | |
| Personal name | Weakland, Mark |
| 245 ## - TITLE STATEMENT | |
| Title | Wacky comparisons : |
| 245 ## - TITLE STATEMENT | |
| Remainder of title | wacky ways to compare size / |
| 245 ## - TITLE STATEMENT | |
| Statement of responsibility, etc | by Mark Weakland, Jessica Gunderson ; illustrated by Keino Bolton, Bill Bolton & Igor Sinkovec. |
| 260 ## - PUBLICATION, DISTRIBUTION, ETC. (IMPRINT) | |
| Place of publication, distribution, etc | New York, New York : |
| 260 ## - PUBLICATION, DISTRIBUTION, ETC. (IMPRINT) | |
| Name of publisher, distributor, etc | Scholastic Inc., |
| 260 ## - PUBLICATION, DISTRIBUTION, ETC. (IMPRINT) | |
| Date of publication, distribution, etc | 2014 |
| 300 ## - PHYSICAL DESCRIPTION | |
| Extent | 32 pages : |
| 300 ## - PHYSICAL DESCRIPTION | |
| Other physical details | colored illustrations ; |
| 300 ## - PHYSICAL DESCRIPTION | |
| Dimensions | 27cm. |
| 650 ## - SUBJECT ADDED ENTRY--TOPICAL TERM | |
| Topical term or geographic name as entry element | Measurement -- |
| 650 ## - SUBJECT ADDED ENTRY--TOPICAL TERM | |
| Topical term or geographic name as entry element | Size perception -- |
| 650 ## - SUBJECT ADDED ENTRY--TOPICAL TERM | |
| Topical term or geographic name as entry element | Weight (Physics) -- |
| 650 ## - SUBJECT ADDED ENTRY--TOPICAL TERM | |
| General subdivision | Juvenile fiction. |
| 650 ## - SUBJECT ADDED ENTRY--TOPICAL TERM | |
| General subdivision | Juvenile fiction. |
| 650 ## - SUBJECT ADDED ENTRY--TOPICAL TERM | |
| General subdivision | Measurement -- Juvenile literature. |
| 700 ## - ADDED ENTRY--PERSONAL NAME | |
| Personal name | Bolton, Bill. |
| 700 ## - ADDED ENTRY--PERSONAL NAME | |
| Personal name | Bolton, Keino. |
| 700 ## - ADDED ENTRY--PERSONAL NAME | |
| Personal name | Gunderson, Jessica. |
| 700 ## - ADDED ENTRY--PERSONAL NAME | |
| Personal name | Title. |
| Withdrawn status | Lost status | Damaged status | Home library | Current library | Shelving location | Date acquired | Cost, normal purchase price | Total Checkouts | Full call number | Barcode | Date last seen | Price effective from | Koha item type |
|---|---|---|---|---|---|---|---|---|---|---|---|---|---|
| Stonyhurst Southville International School (Malarayat) | Stonyhurst Southville International School (Malarayat) | 03/13/2018 | 275.00 | W361 2014 | SSISM5501 | 03/13/2018 | 03/13/2018 | Books |